000 00271nam a2200121Ia 4500
005 20251222142026.0
008 251222s9999||||xx |||||||||||||| ||spa||
082 _a828.9/W21
100 _a"Wallace, Edgar"
245 0 _aEl geroglífico
250 _a2a.ed.
942 _cLIB
999 _c10808
_d10808